| 000 | 02506nam a2200505 c 4500 | ||
|---|---|---|---|
| 003 | BLK | ||
| 005 | 20250605132816.0 | ||
| 008 | 180411b bul|||||r ||||||| ||bul|| | ||
| 010 | _aKNG00200747000 | ||
| 020 |
_a978-954-398-482-4 _bиздат.: Труд |
||
| 040 | _aBLK | ||
| 041 |
_aBUL _cBUL |
||
| 072 | 7 |
_2bullib _aН61 _xМедицина Н |
|
| 072 | 7 |
_2bullib _aЛ0101 _xБилколечение. Природолечение. Народна медицина |
|
| 080 |
_aВещества от естествен произход и тяхните смеси. Лекарствени суровини. Фармакогнозия. Вещества от животински и минерален произход. Минерални води _b615.32 _x:638.16/.17(035) _z615.32:638.16/.17(035) |
||
| 080 |
_a _b638.16/.17 _x _z638.16/.17 |
||
| 080 |
_aНародна медицина. Лечение с домашни средства _b615.89 _x(035) _z615.89(035) |
||
| 100 | 1 |
_aДаников, Николай Иларионович _eпърви автор _958506 |
|
| 700 | 1 |
_aВасилев, Иван _eпрев. _gГайдаров, Иван Василев _9369540 |
|
| 139 |
_aДаников, Николай Иларионович _bД 18 |
||
| 245 | 1 | 0 |
_aЧудодейната сила на меда _cНиколай Иларионович Даников; прев. Иван Василев. |
| 257 | _aRUS | ||
| 260 |
_аСофия _bТруд _c2017 _fБлагоевград : Смилков |
||
| 300 |
_a325 с. _c20 см |
||
| 380 | _a61 | ||
| 490 | 1 | _aЗдраве от природата | |
| 500 | _aБез сведение за ориг. загл. ; Ориг. загл. Целебный мед. | ||
| 650 | 4 |
_aМед, пчелен - лечебни свойства и приложение _9242074 |
|
| 650 | 4 |
_aПчелни продукти - свойства и приложение _9244299 |
|
| 650 | 4 |
_aМедолечение _9161745 |
|
| 650 | 4 |
_aНародна медицина - рецепти _9242084 |
|
| 653 | _aмедолечение | ||
| 653 | _aмед | ||
| 653 | _aпчелни продукти | ||
| 653 | _aнародна медицина | ||
| 653 | _aрецепти | ||
| 659 | _aЛ | ||
| 659 | _aН | ||
| 852 | _aЦб 284393 | ||
| 856 | 4 |
_qpdf _u |
|
| 856 | 4 |
_qpdf _u |
|
| 942 |
_cKNG _n0 _03 |
||
| 944 |
_aCR _c13.02.2017 _lЦветелина Шанова _k30531 |
||
| 944 |
_aED _c10.10.2017 _lф / _kПенка_Димитрова |
||
| 999 |
_c191587 _d191587 |
||